[Event "Titled Tue 24th Jun Late"]
[Site "chess.com INT"]
[Date "2025.06.24"]
[Round "6"]
[White "Winkels, Marcel"]
[Black "Suarez, Sebastian"]
[Result "0-1"]
[WhiteTitle "CM"]
[WhiteElo "1905"]
[BlackElo "2161"]
[WhiteFideId "1003887"]
[BlackFideId "30979080"]
[EventDate "2025.06.24"]

1. e4 c6 2. d4 d5 3. exd5 cxd5 4. Nf3 Nf6 5. Ne5 Nc6 6. Bb5 Bd7 7. Nxd7 Qxd7 8.
c3 e6 9. O-O a6 10. Bd3 Be7 11. Bf4 O-O 12. Nd2 b5 13. Nf3 Rab8 14. a3 a5 15.
Re1 Rb7 16. Ne5 Nxe5 17. Bxe5 Rc8 18. Re3 b4 19. axb4 axb4 20. Rg3 Qd8 21. Rh3
g6 22. Rg3 bxc3 23. bxc3 Rxc3 24. Qd2 Rcb3 25. Qh6 Bf8 26. Qh4 Be7 27. Rh3 h5
28. Qf4 Ng4 29. Rg3 Nxe5 30. dxe5 Bh4 31. Rh3 Bg5 32. Qd4 Qb6 33. Ra8+ Kg7 34.
Qxb6 R7xb6 35. g3 Rxd3 0-1

[Event "Titled Tue 24th Jun Late"]
[Site "chess.com INT"]
[Date "2025.06.24"]
[Round "6"]
[White "Puzyrevsky, Semyon"]
[Black "Khoo-Thwe, Louis"]
[Result "0-1"]
[WhiteTitle "FM"]
[BlackTitle "CM"]
[WhiteElo "2292"]
[BlackElo "2214"]
[WhiteFideId "24240931"]
[BlackFideId "1538756"]
[EventDate "2025.06.24"]

1. d4 d5 2. Nf3 Nf6 3. c4 dxc4 4. e3 e6 5. Bxc4 c5 6. O-O a6 7. a4 Nc6 8. Nc3
Be7 9. dxc5 Bxc5 10. Qe2 O-O 11. Rd1 Qe7 12. b3 Na5 13. Bb2 Nxc4 14. Qxc4 b6 15.
Qh4 Bb7 16. Rac1 Nd5 17. Ne4 Qxh4 18. Nxh4 Be7 19. Nf3 Nxe3 20. Rd7 Bxe4 21.
Rxe7 Nd5 22. Rd7 Rfd8 23. Rxd8+ Rxd8 24. Ne5 Nf4 25. Re1 Bb7 26. Bc1 Ne2+ 27.
Kf1 Nd4 28. Be3 f6 29. Bxd4 Rxd4 30. Nc4 b5 31. axb5 axb5 32. Na3 b4 33. Nc2
Ba6+ 34. Kg1 Rd2 35. Nxb4 Bb7 36. h3 Kf7 37. Re3 e5 38. Nd3 Rd1+ 39. Kh2 Rb1 40.
Nc5 Bc6 41. Rc3 Ke7 42. Nd3 Bd7 43. Nc5 Bc6 44. Rg3 g6 45. Rc3 f5 46. Nd3 Kd6
47. h4 Bd5 48. Nc5 Rb2 49. Kg3 f4+ 50. Kg4 Rxf2 51. Kg5 Rxg2+ 52. Kf6 f3 53. Nd3
f2 54. Rc1 Rg1 0-1

[Event "Titled Tue 24th Jun Late"]
[Site "chess.com INT"]
[Date "2025.06.24"]
[Round "6"]
[White "Demchenko, Anton"]
[Black "Rozman, Levy"]
[Result "1-0"]
[WhiteTitle "GM"]
[BlackTitle "IM"]
[WhiteElo "2619"]
[BlackElo "2324"]
[WhiteFideId "4160258"]
[BlackFideId "2039877"]
[EventDate "2025.06.24"]

1. e4 d5 2. exd5 Qxd5 3. Nc3 Qa5 4. Bc4 Nf6 5. Nge2 Nc6 6. O-O Bg4 7. h3 Bh5 8.
Qe1 e6 9. d3 O-O-O 10. a3 Bxe2 11. Nxe2 Qxe1 12. Rxe1 Bc5 13. b4 Bd6 14. Bb2 Be5
15. c3 Nd5 16. d4 Bf6 17. Rad1 a6 18. a4 Rd7 19. Ng3 Rhd8 20. Ne4 Be7 21. b5 Na5
22. Bf1 axb5 23. axb5 b6 24. Nd2 Bg5 25. Nf3 Bf6 26. g3 h6 27. h4 Kb7 28. Ra1 c6
29. bxc6+ Nxc6 30. Ba6+ Kc7 31. Bb5 Nde7 32. Bc1 Kb7 33. Ba6+ 1-0

[Event "Titled Tue 24th Jun Late"]
[Site "chess.com INT"]
[Date "2025.06.24"]
[Round "6"]
[White "Ragger, Markus"]
[Black "Asish Panda"]
[Result "1-0"]
[WhiteTitle "GM"]
[WhiteElo "2566"]
[BlackElo "1911"]
[WhiteFideId "1610856"]
[BlackFideId "45012458"]
[EventDate "2025.06.24"]

1. d4 d5 2. c4 e6 3. Nf3 Nf6 4. g3 Be7 5. Bg2 O-O 6. O-O Ne4 7. Nc3 f5 8. Bf4 c6
9. h4 Nd7 10. Ne5 Nxe5 11. Bxe5 Bf6 12. Bxf6 Qxf6 13. Nxe4 fxe4 14. f3 Qg6 15.
Kh2 exf3 16. exf3 Bd7 17. Qe2 Qf6 18. Rad1 Rae8 19. f4 b6 20. b3 Qd8 21. Rfe1
Qb8 22. Bh3 Rf6 23. Rc1 Ref8 24. cxd5 cxd5 25. Qe5 Qd8 26. Rc7 a5 27. Rec1 Be8
28. Rc8 Qe7 29. R1c7 Qa3 30. Bxe6+ Kh8 31. Bh3 Qxa2+ 32. Bg2 Bh5 33. Qxf6 1-0

[Event "Titled Tue 24th Jun Late"]
[Site "chess.com INT"]
[Date "2025.06.24"]
[Round "6"]
[White "Fikiet, Alex"]
[Black "Palczert, Matyas"]
[Result "0-1"]
[BlackTitle "FM"]
[WhiteElo "2151"]
[BlackElo "2396"]
[WhiteFideId "2052717"]
[BlackFideId "784958"]
[EventDate "2025.06.24"]

1. e4 e5 2. Bc4 Nf6 3. d3 Nc6 4. Nc3 Na5 5. Bb3 Nxb3 6. axb3 g6 7. f4 exf4 8.
Bxf4 Bg7 9. Nf3 O-O 10. O-O d6 11. Qd2 Re8 12. Bg5 Qd7 13. h3 c6 14. Rf2 Qe6 15.
Raf1 Nd7 16. Be3 f5 17. Ng5 Qe7 18. Re2 Nf6 19. exf5 Bxf5 20. Bd4 Qd7 21. g4
Rxe2 22. Nxe2 Bxg4 23. Bxf6 Bxh3 24. Nxh3 Rf8 25. Bxg7 Qg4+ 26. Kh2 Rxf1 27. Bd4
Rf3 28. Nhg1 Rf5 0-1

[Event "Titled Tue 24th Jun Late"]
[Site "chess.com INT"]
[Date "2025.06.24"]
[Round "6"]
[White "Skatchkov, Pavel"]
[Black "Maksimovic, Bojan"]
[Result "1-0"]
[WhiteTitle "GM"]
[BlackTitle "IM"]
[WhiteElo "2457"]
[BlackElo "2514"]
[WhiteFideId "4121848"]
[BlackFideId "14408120"]
[EventDate "2025.06.24"]

1. d4 d5 2. c4 Nc6 3. Nf3 Bg4 4. cxd5 Bxf3 5. gxf3 Qxd5 6. e3 e5 7. Nc3 Bb4 8.
Bd2 Bxc3 9. bxc3 Qd6 10. Rb1 b6 11. f4 exf4 12. e4 Nge7 13. Qg4 Ng6 14. e5 Ncxe5
15. dxe5 Nxe5 16. Qxf4 O-O 17. Be2 Rad8 18. Be3 Nd3+ 19. Bxd3 Qxd3 20. Rc1 Rfe8
21. Rg1 g6 22. Qf3 Qd2+ 23. Kf1 Qxa2 24. Kg2 Qc4 25. Rge1 c5 26. h3 a5 27. Bg5
Rc8 28. Rcd1 a4 29. Kh2 h5 30. Qf6 Kh7 31. Rd7 Kg8 32. Bh6 1-0

[Event "Titled Tue 24th Jun Late"]
[Site "chess.com INT"]
[Date "2025.06.24"]
[Round "6"]
[White "Ponizil, Cyril"]
[Black "Kolimar, Kristof Pal"]
[Result "1-0"]
[WhiteTitle "IM"]
[BlackTitle "FM"]
[WhiteElo "2450"]
[BlackElo "2368"]
[WhiteFideId "322202"]
[BlackFideId "798410"]
[EventDate "2025.06.24"]

1. d4 d5 2. Bg5 f6 3. Bh4 Nh6 4. Nf3 Nf5 5. Bg3 h5 6. Bf4 g5 7. Bc1 g4 8. Ng1 c5
9. dxc5 e5 10. Nc3 Be6 11. e4 Ne7 12. exd5 Nxd5 13. Nxd5 Qxd5 14. Qxd5 Bxd5 15.
Be3 Nd7 16. O-O-O Be6 17. Bb5 Rc8 18. b4 Rc7 19. Ne2 Bxa2 20. Nc3 Be6 21. Nd5
Bxd5 22. Rxd5 Ke7 23. Rhd1 Nb8 24. c3 Bh6 25. Bxh6 Rxh6 26. Rd8 Nc6 27. Ra8 f5
28. Rg8 Rf6 29. Bc4 Rf7 30. Bxf7 Kxf7 31. Rg5 Kf6 32. Rxh5 a5 33. Rd6+ Kg7 34.
Rg5+ Kh7 35. b5 Ne7 36. Re6 Nd5 37. c6 bxc6 38. Rxc6 Rb7 39. Rxf5 Ne7 40. Rh5+
Kg7 41. Rc5 Ng6 42. Rg5 Kf6 43. Rxg4 Kf5 44. Rxg6 Kxg6 45. Rxe5 1-0

[Event "Titled Tue 24th Jun Late"]
[Site "chess.com INT"]
[Date "2025.06.24"]
[Round "6"]
[White "Radionov, Timur"]
[Black "Carnicelli, Valerio"]
[Result "0-1"]
[WhiteTitle "FM"]
[BlackTitle "FM"]
[WhiteElo "2200"]
[BlackElo "2396"]
[WhiteFideId "34178772"]
[BlackFideId "856185"]
[EventDate "2025.06.24"]

1. e4 c5 2. Nc3 Nc6 3. f4 g6 4. Nf3 Bg7 5. Bb5 e6 6. Bxc6 bxc6 7. d3 d5 8. e5
Ne7 9. O-O h5 10. b3 Nf5 11. Qe2 Bf8 12. Na4 Ba6 13. c4 Rb8 14. Ba3 Rb4 15. Bxb4
cxb4 16. Qf2 d4 17. Rfe1 c5 18. Ng5 Bb7 19. Ne4 Qc7 20. Nf6+ Ke7 21. Ne4 Bh6 22.
Nexc5 Bc6 23. Nb2 Bxg2 24. Qxg2 Qxc5 25. Qb7+ Kf8 26. Na4 Qa5 27. c5 Kg7 28. c6
Bxf4 29. c7 Be3+ 30. Kf1 Qxe5 31. Re2 Qf4+ 32. Ke1 Qg4 33. Kd1 Qg1+ 34. Re1 Qf2
35. Re2 Qf1+ 36. Re1 Qxd3# 0-1

[Event "Titled Tue 24th Jun Late"]
[Site "chess.com INT"]
[Date "2025.06.24"]
[Round "6"]
[White "Bhatia, Kanishka"]
[Black "Izafatava, Kira"]
[Result "1-0"]
[WhiteTitle "WCM"]
[BlackTitle "WCM"]
[WhiteElo "1965"]
[BlackElo "2036"]
[WhiteFideId "2410095"]
[BlackFideId "13521705"]
[EventDate "2025.06.24"]

1. e4 c5 2. Nf3 e6 3. c3 Nf6 4. e5 Nd5 5. d4 cxd4 6. cxd4 Nc6 7. Nc3 d6 8. Nxd5
exd5 9. exd6 Bxd6 10. Bd3 O-O 11. h3 Re8+ 12. Be3 Qa5+ 13. Nd2 Nxd4 14. O-O Nf5
15. Nb3 Nxe3 16. Qh5 g6 17. Qf3 Qb6 18. Rae1 Be6 19. fxe3 Rac8 20. Nd4 Bc5 21.
Qf6 Bxd4 22. exd4 Rc7 23. h4 Qd6 24. h5 Qe7 25. Qf4 Qf8 26. hxg6 hxg6 27. Qg5
Qg7 28. Rf6 Rce7 29. Bxg6 Bg4 30. Bxf7+ 1-0

[Event "Titled Tue 24th Jun Late"]
[Site "chess.com INT"]
[Date "2025.06.24"]
[Round "6"]
[White "Svane, Rasmus"]
[Black "Rojas Alarcon, Julian Antonio"]
[Result "1-0"]
[WhiteTitle "GM"]
[BlackTitle "FM"]
[WhiteElo "2626"]
[BlackElo "2365"]
[WhiteFideId "4657101"]
[BlackFideId "5107407"]
[EventDate "2025.06.24"]

1. Nf3 c5 2. c4 Nc6 3. Nc3 Nf6 4. e3 e5 5. a3 d6 6. d4 Be7 7. Be2 O-O 8. O-O Bg4
9. d5 Nb8 10. h3 Bh5 11. g4 Bg6 12. Nh4 Ne8 13. Nxg6 hxg6 14. f4 Nd7 15. g5 f6
16. h4 Nc7 17. Bd3 f5 18. Qe2 b5 19. cxb5 e4 20. Bc2 Nb6 21. h5 Qe8 22. hxg6
Qxg6 23. Kg2 Kf7 24. Rh1 Rh8 25. Bd2 Rae8 26. Rag1 Bd8 27. a4 Ke7 28. Bb3 Qf7
29. a5 Nbxd5 30. Nxd5+ Nxd5 31. Qc4 Bxa5 32. Bc1 Nxf4+ 33. exf4 Qxc4 34. Bxc4
Rd8 35. Bd5 Rb8 36. Rxh8 Rxh8 37. Be3 Rb8 38. Bc4 Bb4 39. Ra1 Rb7 40. Ra6 Kd7
41. Bd5 Rc7 42. b3 Ke7 43. Kf1 Bc3 44. Ke2 Bd4 45. Bd2 1-0

[Event "Titled Tue 24th Jun Late"]
[Site "chess.com INT"]
[Date "2025.06.24"]
[Round "6"]
[White "Buchenau, Frank"]
[Black "Haug, Havard"]
[Result "0-1"]
[WhiteTitle "FM"]
[BlackTitle "FM"]
[WhiteElo "2205"]
[BlackElo "2354"]
[WhiteFideId "4604350"]
[BlackFideId "1547887"]
[EventDate "2025.06.24"]

1. e4 c6 2. Nf3 d5 3. d3 g6 4. e5 Bg7 5. d4 c5 6. c3 Nc6 7. Bb5 cxd4 8. cxd4 Bg4
9. Nbd2 e6 10. Bxc6+ bxc6 11. h3 Bxf3 12. Nxf3 Ne7 13. O-O O-O 14. b3 c5 15.
dxc5 Qc7 16. Be3 Bxe5 17. Nxe5 Qxe5 18. Bd4 Qc7 19. Re1 Nc6 20. Be3 d4 21. Bh6
Rfd8 22. Qf3 Ne7 23. g4 Nd5 24. Rad1 Qxc5 25. Re5 Qd6 26. Qe4 Nc3 27. Qf4 f5 28.
Rd3 Nd5 29. Qg3 Nf6 30. gxf5 exf5 31. Rxf5 Qxg3+ 32. Rxg3 Ne4 33. Rg4 Nc3 34.
Rc5 Rac8 35. Rxc8 Rxc8 36. Kg2 Rd8 37. Bd2 Nxa2 38. Rg5 Nc3 39. Ra5 Ne4 40. Bb4
d3 41. Rxa7 d2 42. Bxd2 Rxd2 43. b4 Rxf2+ 44. Kg1 Rb2 0-1

[Event "Titled Tue 24th Jun Late"]
[Site "chess.com INT"]
[Date "2025.06.24"]
[Round "6"]
[White "Dyachuk, Artem"]
[Black "Spyropoulos, Nikolaos"]
[Result "1-0"]
[WhiteTitle "FM"]
[BlackTitle "IM"]
[WhiteElo "2374"]
[BlackElo "2400"]
[WhiteFideId "34107924"]
[BlackFideId "4298977"]
[EventDate "2025.06.24"]

1. e4 c5 2. Nf3 d6 3. d4 cxd4 4. Nxd4 Nf6 5. Nc3 Nc6 6. f3 e5 7. Nb3 Be7 8. Be3
Be6 9. Qd2 a6 10. O-O-O Rc8 11. Kb1 O-O 12. g4 b5 13. h4 Re8 14. h5 h6 15. g5
hxg5 16. Bxg5 b4 17. Na4 Nxe4 18. fxe4 Bxg5 19. Qg2 Bh6 20. Bxa6 Rb8 21. Nac5
Bxb3 22. Nxb3 Qc7 23. Rhf1 Nd8 24. Rf6 Kh8 25. Rfxd6 Ne6 26. Qf1 Re7 27. Qc4 Qa7
28. Rc6 Nc7 29. Nc5 Qa8 30. Nd7 Nxa6 31. Nxb8 Nxb8 32. Rc8+ Kh7 33. Rdd8 1-0

[Event "Titled Tue 24th Jun Late"]
[Site "chess.com INT"]
[Date "2025.06.24"]
[Round "6"]
[White "Vaganian, Rafael A"]
[Black "Niemann, Hans Moke"]
[Result "0-1"]
[WhiteTitle "GM"]
[BlackTitle "GM"]
[WhiteElo "2449"]
[BlackElo "2736"]
[WhiteFideId "13300016"]
[BlackFideId "2093596"]
[EventDate "2025.06.24"]

1. d4 Nf6 2. Nf3 e6 3. e3 b6 4. Bd3 Bb7 5. O-O d5 6. b3 Bd6 7. Bb2 O-O 8. Nbd2
Ne4 9. c4 Nd7 10. Ne5 Bxe5 11. dxe5 Ndc5 12. Nxe4 dxe4 13. Bc2 Qg5 14. Bd4 Rad8
15. Qb1 Nd3 16. Rd1 f5 17. g3 c5 18. Bc3 Qg4 19. Rd2 f4 20. Qd1 f3 21. Qf1 Rf5
22. h3 Qg6 23. Rad1 Rh5 24. Bxd3 exd3 25. Rxd3 Rf8 26. Rd8 Be4 27. Rxf8+ Kxf8
28. Kh2 Ke7 29. g4 Qxg4 0-1

[Event "Titled Tue 24th Jun Late"]
[Site "chess.com INT"]
[Date "2025.06.24"]
[Round "6"]
[White "Linares Orellana, Hector Jose"]
[Black "Weisz, Bryan"]
[Result "1-0"]
[WhiteTitle "FM"]
[WhiteElo "2111"]
[BlackElo "2059"]
[WhiteFideId "7304307"]
[BlackFideId "30934133"]
[EventDate "2025.06.24"]

1. e4 c5 2. Nf3 Nc6 3. Bb5 Qa5 4. Bxc6 dxc6 5. O-O g6 6. c3 Bg7 7. d4 cxd4 8.
cxd4 Bg4 9. Be3 O-O-O 10. Nc3 Qh5 11. d5 Bxf3 12. Qxf3 Qxf3 13. gxf3 Bxc3 14.
bxc3 cxd5 15. exd5 Rxd5 16. Bxa7 Nf6 17. Rfe1 e6 18. Bd4 Rf5 19. Kg2 Rd8 20.
Rab1 Nh5 21. Rb6 Nf4+ 22. Kg3 Nd5 23. Rb5 Rg5+ 24. Kh4 Rh5+ 25. Kg3 Rg5+ 26. Kh4
h6 27. Reb1 Rh5+ 28. Kg3 Rg5+ 29. Kh4 f5 30. Rxb7 Rh5+ 31. Kg3 Rg5+ 32. Kh4 Nf4
33. Rb8+ Kd7 34. R1b7+ Ke8 35. Rxd8+ Kxd8 36. Bf6+ Kc8 37. Bxg5 hxg5+ 38. Kxg5
Nh3+ 39. Kh4 Kxb7 40. Kxh3 g5 41. Kg3 Kc6 42. h4 gxh4+ 43. Kxh4 Kd6 44. Kg5 Ke5
45. a4 1-0

[Event "Titled Tue 24th Jun Late"]
[Site "chess.com INT"]
[Date "2025.06.24"]
[Round "6"]
[White "Pereyra, Horacio"]
[Black "Deng, Henry"]
[Result "0-1"]
[BlackTitle "FM"]
[WhiteElo "2133"]
[BlackElo "2327"]
[WhiteFideId "113700"]
[BlackFideId "30965454"]
[EventDate "2025.06.24"]

1. d4 Nf6 2. Nc3 d5 3. Bg5 c5 4. e3 cxd4 5. exd4 Nc6 6. Nf3 Bg4 7. Be2 e6 8. O-O
Bd6 9. h3 Bh5 10. Re1 O-O 11. Ne5 Bg6 12. Bd3 Re8 13. Nxg6 hxg6 14. Ne2 Qc7 15.
c3 Rab8 16. Qd2 b5 17. Qe3 b4 18. Qf3 e5 19. Bc2 exd4 20. cxd4 Ne4 21. Be3 Na5
22. Rac1 Qd7 23. b3 Nc6 24. Red1 Ne7 25. Nf4 Nc3 26. Re1 Nf5 27. Nd3 Nxa2 28.
Ra1 Nc3 29. Nc5 Bxc5 30. dxc5 Re7 31. Bf4 Rbe8 32. Rxe7 Rxe7 33. Bxf5 Qxf5 34.
c6 Qxf4 35. Qd3 Qd6 36. Ra6 Qc5 37. Qg3 Ne2+ 38. Kh2 Nxg3 39. fxg3 Re1 0-1

[Event "Titled Tue 24th Jun Late"]
[Site "chess.com INT"]
[Date "2025.06.24"]
[Round "6"]
[White "Hartge, Gedeon"]
[Black "Injac, Teodora"]
[Result "0-1"]
[WhiteTitle "FM"]
[BlackTitle "IM"]
[WhiteElo "2328"]
[BlackElo "2457"]
[WhiteFideId "12932116"]
[BlackFideId "932400"]
[EventDate "2025.06.24"]

1. e4 c5 2. Nc3 Nc6 3. Bb5 Nd4 4. Nf3 e6 5. O-O a6 6. Bd3 Nc6 7. Re1 Nge7 8. b3
Ng6 9. Bb2 Be7 10. Nd5 O-O 11. Nxe7+ Qxe7 12. c3 e5 13. Bc2 d6 14. h3 Nf4 15. d4
Qf6 16. Kh2 h5 17. Re3 g5 18. Ne1 g4 19. hxg4 hxg4 20. Rg3 Qh4+ 21. Kg1 Kg7 22.
Nf3 Qh5 23. Kf1 Rh8 24. Ng1 Rh6 25. b4 Qh1 26. bxc5 Bd7 27. cxd6 Rah8 28. dxe5
Qxg1+ 29. Kxg1 Rh1# 0-1

[Event "Titled Tue 24th Jun Late"]
[Site "chess.com INT"]
[Date "2025.06.24"]
[Round "6"]
[White "Fedoryshyn, Ievgenii"]
[Black "Kourousis, Epameinondas"]
[Result "0-1"]
[WhiteTitle "FM"]
[BlackTitle "IM"]
[WhiteElo "2278"]
[BlackElo "2342"]
[WhiteFideId "26095467"]
[BlackFideId "4211626"]
[EventDate "2025.06.24"]

1. c4 Nf6 2. g3 e6 3. Bg2 a6 4. d4 d5 5. Nf3 dxc4 6. O-O Nc6 7. a4 Rb8 8. Bf4
Bd6 9. e3 Bxf4 10. gxf4 O-O 11. Nbd2 b5 12. axb5 axb5 13. Ne5 Nxe5 14. fxe5 Nd5
15. Qg4 f5 16. exf6 Rxf6 17. Kh1 Rg6 18. Qf3 Bb7 19. Ra7 Rxg2 20. Rxb7 Rxh2+ 21.
Kxh2 Qh4+ 22. Kg2 Qg5+ 23. Kh2 Rxb7 24. Ne4 Qf5 25. Qg3 Qxe4 26. Rg1 g6 27. Qg5
Rb8 28. Rg4 Qf5 29. Qh4 Rf8 30. Kg1 Nxe3 31. fxe3 Qf1+ 32. Kh2 Rf2+ 0-1

[Event "Titled Tue 24th Jun Late"]
[Site "chess.com INT"]
[Date "2025.06.24"]
[Round "6"]
[White "Gomez Aguirre, Juan Alberto"]
[Black "Zhu, Linxi"]
[Result "0-1"]
[WhiteTitle "FM"]
[BlackTitle "FM"]
[WhiteElo "2310"]
[BlackElo "2312"]
[WhiteFideId "54587867"]
[BlackFideId "39900428"]
[EventDate "2025.06.24"]

1. Nf3 d5 2. d4 Nf6 3. e3 e6 4. Bd3 Bd6 5. Nbd2 Nbd7 6. e4 dxe4 7. Nxe4 Nxe4 8.
Bxe4 Nf6 9. Bd3 O-O 10. Ne5 c5 11. Be3 cxd4 12. Bxd4 Bb4+ 13. c3 Bd6 14. O-O Qc7
15. Qe2 b6 16. Rae1 Bb7 17. f4 Rad8 18. Qe3 Bc5 19. Bxc5 Qxc5 20. Qxc5 bxc5 21.
Rc1 Be4 22. Rcd1 Rd5 23. Bxe4 Nxe4 24. Rxd5 exd5 25. Rd1 Nf6 26. g4 Rb8 27. g5
Nh5 28. Rxd5 Nxf4 29. Rxc5 Ne6 30. Rc6 Nxg5 0-1

[Event "Titled Tue 24th Jun Late"]
[Site "chess.com INT"]
[Date "2025.06.24"]
[Round "6"]
[White "Fernandez, Maria Florencia"]
[Black "Omariev, Maksim"]
[Result "0-1"]
[WhiteTitle "WIM"]
[BlackTitle "FM"]
[WhiteElo "2163"]
[BlackElo "2304"]
[WhiteFideId "116459"]
[BlackFideId "4193423"]
[EventDate "2025.06.24"]

1. d4 h5 2. c4 h4 3. h3 d6 4. Nc3 e5 5. d5 f5 6. Nf3 Be7 7. Qc2 a5 8. e3 Na6 9.
a3 Nc5 10. b3 Nf6 11. Bb2 Bd7 12. Be2 b6 13. O-O Nfe4 14. Nxe4 fxe4 15. Nh2 Bf5
16. Bg4 Bg6 17. f3 O-O 18. b4 axb4 19. axb4 Rxa1 20. Bxa1 Nd3 21. fxe4 Nxb4 22.
Qb1 Na6 23. Bf5 Qe8 24. Ng4 Nc5 25. Bc3 Bg5 26. Bb4 Na6 27. Be1 Bh5 28. Bd2 Nc5
29. Qc2 g6 30. Be6+ Nxe6 31. dxe6 Rxf1+ 32. Kxf1 Bxg4 33. hxg4 Qxe6 34. Qd3 Qxg4
35. Ke1 Qxg2 36. Qd5+ Kg7 37. Qe6 h3 38. Qd7+ Kh6 39. Qe8 Kh5 40. Qh8+ Bh6 41.
c5 h2 42. Kd1 h1=Q+ 43. Kc2 Qe1 44. cxd6 Qgxd2+ 45. Kb3 Qb4+ 46. Kc2 Qed2# 0-1

[Event "Titled Tue 24th Jun Late"]
[Site "chess.com INT"]
[Date "2025.06.24"]
[Round "6"]
[White "Zepeda Berlanga, Jan Enrique"]
[Black "Tang, Zoey"]
[Result "1-0"]
[WhiteTitle "CM"]
[BlackTitle "FM"]
[WhiteElo "1984"]
[BlackElo "2356"]
[WhiteFideId "5132355"]
[BlackFideId "30952530"]
[EventDate "2025.06.24"]

1. e4 c5 2. Nf3 d6 3. d4 cxd4 4. Nxd4 Nf6 5. Nc3 Nc6 6. Bg5 Bd7 7. Qd2 Rc8 8. f4
Nxd4 9. Qxd4 Qb6 10. Qxb6 axb6 11. Bd3 e6 12. Rd1 Be7 13. O-O h6 14. Bh4 g5 15.
fxg5 Ng4 16. Rf3 hxg5 17. Bg3 Ne5 18. Rf2 Nxd3 19. Rxd3 d5 20. Be5 O-O 21. exd5
Bc5 22. Bd4 Bxd4 23. Rxd4 e5 24. Rb4 Rc7 25. Ne4 1-0

[Event "Titled Tue 24th Jun Late"]
[Site "chess.com INT"]
[Date "2025.06.24"]
[Round "6"]
[White "Sitbon, Itay"]
[Black "Foldes, Marton Gabor"]
[Result "1-0"]
[BlackTitle "FM"]
[WhiteElo "2206"]
[BlackElo "2295"]
[WhiteFideId "2820706"]
[BlackFideId "794708"]
[EventDate "2025.06.24"]

1. e4 c5 2. d4 cxd4 3. c3 g6 4. cxd4 d5 5. e5 Nc6 6. Nc3 Bg7 7. Bb5 Bd7 8. Nf3
e6 9. O-O Nge7 10. b3 Rc8 11. Ba3 Qa5 12. Bxc6 Rxc6 13. Na4 Rc7 14. Bd6 Rc8 15.
Rc1 Nf5 16. Bc5 Bf8 17. g4 Bxc5 18. Nxc5 Nxd4 19. Qxd4 Bc6 20. b4 Qb5 21. a4 Qb6
22. b5 Bd7 23. Rc3 Ke7 24. Rfc1 Be8 25. Qb4 1-0

[Event "Titled Tue 24th Jun Late"]
[Site "chess.com INT"]
[Date "2025.06.24"]
[Round "6"]
[White "Venskaya, Nika"]
[Black "Kharitonov, Sergei"]
[Result "1-0"]
[WhiteTitle "WCM"]
[BlackTitle "CM"]
[WhiteElo "1926"]
[BlackElo "2014"]
[WhiteFideId "13523503"]
[BlackFideId "4129750"]
[EventDate "2025.06.24"]

1. d4 d5 2. Nf3 Nf6 3. g3 c5 4. Bg2 Nc6 5. O-O Bf5 6. c3 e6 7. Bg5 Qb6 8. b3
cxd4 9. Bxf6 gxf6 10. cxd4 Rc8 11. Nc3 Ba3 12. Na4 Qa5 13. Nh4 Bg4 14. Bf3 Bh3
15. Bg2 Bxg2 16. Nxg2 b5 17. Nc5 Bxc5 18. dxc5 b4 19. Rc1 Qxa2 20. Qd3 Qa5 21.
Qe3 Qb5 22. Nf4 Kd7 23. Nh5 Ke7 24. Rfd1 1-0

[Event "Titled Tue 24th Jun Late"]
[Site "chess.com INT"]
[Date "2025.06.24"]
[Round "6"]
[White "Nihal, Sarin"]
[Black "Salonen, Aku"]
[Result "1-0"]
[WhiteTitle "GM"]
[BlackTitle "FM"]
[WhiteElo "2696"]
[BlackElo "2330"]
[WhiteFideId "25092340"]
[BlackFideId "517577"]
[EventDate "2025.06.24"]

1. Nf3 Nf6 2. g3 b6 3. Bg2 Bb7 4. O-O e6 5. b3 c5 6. Bb2 Be7 7. c4 O-O 8. Nc3 d6
9. d4 cxd4 10. Nxd4 Bxg2 11. Kxg2 a6 12. Rc1 Qc7 13. e3 Nbd7 14. Qf3 Ne5 15. Qe2
Qb7+ 16. e4 Rfc8 17. Rfd1 Nc6 18. Nxc6 Qxc6 19. f3 h6 20. a4 Nd7 21. Nd5 Bf8 22.
Ne3 Nc5 23. Qc2 Qe8 24. Bd4 b5 25. axb5 axb5 26. Bxc5 Rxc5 27. b4 Rcc8 28. Qb3
Rab8 29. cxb5 Rxc1 30. Rxc1 Qxb5 31. Rc4 d5 32. exd5 exd5 33. Rc2 d4 34. Nd5 d3
35. Rd2 Bxb4 36. Rxd3 Bf8 37. Qxb5 Rxb5 38. h4 Rb2+ 39. Kh3 Re2 40. f4 h5 41.
Rb3 g6 42. Rb7 Kg7 43. Nc7 Re7 44. Kg2 Re2+ 45. Kf3 Re7 46. Ra7 Re1 47. Nd5 Rd1
48. Ne3 Rd3 49. Rc7 Bb4 50. Ke2 Rd8 51. Nc4 Re8+ 52. Kf3 Bc3 53. Nd6 Rd8 54.
Nxf7 Rd3+ 55. Kg2 Ba5 56. Rb7 Kf6 57. Ne5 Ra3 58. Ra7 Bb4 59. Rb7 Ra2+ 60. Kh3
Be1 61. Rb6+ Kf5 62. Rxg6 Ke4 63. Rg5 Ra3 64. Nd7 Kf3 65. Ne5+ Ke4 66. Nc4 Ra1
67. Rxh5 Kf3 68. Ne5+ Ke4 69. Kg4 Ra3 70. Nf3 Bxg3 71. Re5+ 1-0

[Event "Titled Tue 24th Jun Late"]
[Site "chess.com INT"]
[Date "2025.06.24"]
[Round "6"]
[White "Barwinska, Ewa"]
[Black "Sharankov, Grigory"]
[Result "1-0"]
[WhiteTitle "WFM"]
[BlackTitle "CM"]
[WhiteElo "2014"]
[BlackElo "2238"]
[WhiteFideId "21833761"]
[BlackFideId "4168356"]
[EventDate "2025.06.24"]

1. e4 e6 2. d4 d5 3. exd5 exd5 4. Bd3 Nc6 5. c3 Bd6 6. h3 Nge7 7. Nf3 Bf5 8. O-O
O-O 9. Re1 Qd7 10. Bg5 f6 11. Be3 Rae8 12. b4 Bxd3 13. Qxd3 Nf5 14. Nbd2 Nxe3
15. Rxe3 Rxe3 16. fxe3 Re8 17. e4 Bf4 18. exd5 Qxd5 19. c4 Nxb4 20. Qb3 Qa5 21.
c5+ Kf8 22. Nc4 Qa6 23. Qxb4 Re2 24. c6+ Kf7 25. cxb7 c5 26. dxc5 Qe6 27. Nd6+
Bxd6 28. cxd6 Qe3+ 29. Kh1 1-0

[Event "Titled Tue 24th Jun Late"]
[Site "chess.com INT"]
[Date "2025.06.24"]
[Round "6"]
[White "Maghsoodloo, Parham"]
[Black "Matinian, Nikita"]
[Result "1-0"]
[WhiteTitle "GM"]
[BlackTitle "GM"]
[WhiteElo "2691"]
[BlackElo "2421"]
[WhiteFideId "12539929"]
[BlackFideId "24129100"]
[EventDate "2025.06.24"]

1. c4 e5 2. Nc3 Nf6 3. Nf3 Nc6 4. e3 Bb4 5. Nd5 O-O 6. a3 e4 7. axb4 exf3 8. b5
fxg2 9. Bxg2 Ne5 10. Qc2 d6 11. d4 Nxd5 12. dxe5 Nb6 13. exd6 cxd6 14. b3 Qg5
15. f4 Qh5 16. Bb2 Bf5 17. e4 Rfe8 18. O-O Bh3 19. Rae1 f6 20. Bd4 Nd7 21. Bxh3
Qxh3 22. Re3 Qh6 23. Rg3 Nc5 24. e5 Ne6 25. Be3 Rad8 26. f5 Ng5 27. e6 d5 28.
cxd5 Rxd5 29. Qc7 Qh5 30. Qxb7 Re5 31. Bxg5 fxg5 32. Kh1 g4 33. Rxg4 Qh6 34.
Qf7+ 1-0